| 000 | 00400nam a2200157Ia 4500 | ||
|---|---|---|---|
| 008 | 230312s9999||||xx |||||||||||||| ||und|| | ||
| 020 | _a0-07-293353 | ||
| 082 |
_a550 _bPLU-P |
||
| 100 | _aPlummer Charles , C. | ||
| 245 | 0 | _aPhysical Geology | |
| 260 |
_bMcGraw Hill _aBoston _c2005 |
||
| 300 | _a580 | ||
| 546 | _aEng. | ||
| 650 |
_aEngineering _vWho Need Geology , Earth's Interior , |
||
| 942 | _cBK | ||
| 999 |
_c1803 _d1803 |
||